| 000 | 00493cam a22001457a 4500 | ||
|---|---|---|---|
| 008 | 180718b1983 xxu||||| |||| 00| 0 eng d | ||
| 082 | _aI51x54 J254 83 | ||
| 100 | _aJangam, R.T. | ||
| 245 |
_aLeadership in urban government _cby R.T. Jangam and B.A.V. Sharma |
||
| 250 | _a2nd edn. | ||
| 260 |
_aNew Delhi _bOxford & IBH Publishers _c1983 |
||
| 650 | _aMunicipal government -India -Case studies. | ||
| 650 | _aMunicipal officials and employees -India -Case studies | ||
| 700 | _aSharma, B.A.V. | ||
| 999 |
_c409220 _d409220 |
||